000 00311nam a2200145Ia 4500
100 _aMukhis / Vijay
942 _cBK
654 _aOracle 6.0.
245 _aMastering Oracle 6.0. Pro C
260 _bB.P.B. Pub
_aNew Delhi
_c1993
082 _a005.13 'O'
300 _a566
546 _aENGLISH
999 _c33888
_d33888